Studio Proceedings : Recognition Of Space Through Memory Mapping Lateral Strategies for Architectural Design Studios (Record no. 12227)
[ view plain ]
| 000 -LEADER | |
|---|---|
| fixed length control field | 00380 a2200133 4500 |
| 003 - CONTROL NUMBER IDENTIFIER | |
| control field | OSt |
| 005 - DATE AND TIME OF LATEST TRANSACTION | |
| control field | 20240117164841.0 |
| 008 - FIXED-LENGTH DATA ELEMENTS--GENERAL INFORMATION | |
| fixed length control field | 240117b ||||| |||| 00| 0 eng d |
| 020 ## - INTERNATIONAL STANDARD BOOK NUMBER | |
| International Standard Book Number | 9788193874929 |
| 082 ## - DEWEY DECIMAL CLASSIFICATION NUMBER | |
| Classification number | 720 |
| 100 ## - MAIN ENTRY--PERSONAL NAME | |
| Personal name | Tarwani |
| 245 ## - TITLE STATEMENT | |
| Title | Studio Proceedings : Recognition Of Space Through Memory Mapping Lateral Strategies for Architectural Design Studios |
| 942 ## - ADDED ENTRY ELEMENTS (KOHA) | |
| Source of classification or shelving scheme | |
| Withdrawn status | Lost status | Source of classification or shelving scheme | Damaged status | Koha normalized classification for sorting | Not for loan | Permanent location | Current location | Date acquired | Source of acquisition | Cost, normal purchase price | Full call number | Barcode | Date last seen | Cost, replacement price | Price effective from | Koha item type |
|---|---|---|---|---|---|---|---|---|---|---|---|---|---|---|---|---|
| 720_000000000000000 | BMS College of Architecture, Design and Planning | BMS College of Architecture, Design and Planning | 2024-01-17 | 10 | 1186.50 | 720 | AR-UG3488 | 2024-01-17 | 1695.00 | 2024-01-17 | UG Books |